Porovnanie veľkých tepelných čerpadiel s alternatívnymi riešeniami na vykurovanie a prípravu teplej vody v bytových domoch

Salvato in:
Dettagli Bibliografici
Autore principale: Kuchárik, Miroslav (Autore)
Altri autori: Tomlein, Peter (Relatore della tesi)
Natura: Manoscritto Libro
Lingua:slovacco
Pubblicazione: 2015
Soggetti:
Accesso online:http://is.stuba.sk/zp/portal_zp.pl?podrobnosti=112778
Tags: Aggiungi Tag
Nessun Tag, puoi essere il primo ad aggiungerne!!

MARC

LEADER 00000ntm a22000003a 4500
001 stuzp52101
003 SK-STU
005 20160719154048.6
007 ta
008 150427s2015----xo-----f-mn---000-0-slo-d
040 |a STU  |b slo 
041 0 |a slo 
100 1 |a Kuchárik, Miroslav  |u 020060  |4 aut  |U SjF Strojnícka fakulta  |T SjF Ústav tepelnej energetiky  |X 65673  |U J0060  |Y 805  |7 65673 
242 0 1 |a Comparison of the large heat pumps with alternative solutions for heating and hot water processing in the apartment houses  |y eng 
245 1 0 |a Porovnanie veľkých tepelných čerpadiel s alternatívnymi riešeniami na vykurovanie a prípravu teplej vody v bytových domoch 
260 |c 2015 
650 4 |a teplo na vykurovanie  |2 slo 
650 4 |a teplo na ohrev teplej úžitkovej vody  |2 slo 
650 4 |a prevádzkové náklady  |2 slo 
650 4 |a tepelné čerpadlo  |2 slo 
650 4 |a primárna energia  |2 slo 
650 4 |a heat pump  |2 eng 
650 4 |a heat for heating  |2 eng 
650 4 |a operating costs  |2 eng 
650 4 |a primary energy  |2 eng 
650 4 |a heating heat for hot water  |2 eng 
700 1 |a Tomlein, Peter  |4 ths  |X 2211  |7 A000002211 
856 4 |u http://is.stuba.sk/zp/portal_zp.pl?podrobnosti=112778 
996 |b 284J043742  |c J* 2032/DP  |l JJSK  |s A  |a 24  |w stuzp52101_0001 
SQL |a stuzp52101  |b DDP  |c SLO  |d Porovnanie veľkých tepelných čerpadiel s alternatívnymi riešeniami na vykurovanie a prípravu teplej vody v bytových domoch  |e 65673  |f Kuchárik, Miroslav  |g 020060  |h 2211  |i Tomlein, Peter  |j 20150617  |k 61  |l 02  |m http://is.stuba.sk/zp/portal_zp.pl?podrobnosti=112778  |n I-TESZ  |o 5.2.29. energetika